| 000 | 01339nam0a2200337 4500 | ||
|---|---|---|---|
| 001 | RU\NLR\bibl\1183464 | ||
| 005 | 20250615092857.0 | ||
| 010 |
_a978-5-9591-0117-6 _95000 |
||
| 021 |
_aRU _b2007-86451 _94667 |
||
| 035 | _a(nilc)RSL-KNO-003370513 | ||
| 035 | _a(NLR Aleph) 001170054 | ||
| 090 |
_a1591626 _c1591626 |
||
| 100 | _a20071214d2007 |||y0rusy50 ca | ||
| 101 | 1 |
_arus _cpol |
|
| 102 | _aRU | ||
| 105 | _ay ||||||||| | ||
| 200 | 1 |
_aВегетарианская кухня _eпросто. Вкусно. Полезно _fМалгожата Капрари _g[пер. с пол. И. Шкадиной] |
|
| 210 |
_aМосква _cМой мир _d2007 |
||
| 215 |
_a141, [2] с. _d20 |
||
| 320 | _aАлф. указ.: с. 136-142 | ||
| 606 | 1 |
_aВегетарианская кухня _91249003 _3RU\NLR\auth\66194062 |
|
| 610 | 0 | _aПищевые производства -- Общественное питание. Кулинария -- Специальная кулинария -- Вегетарианская кулинария -- Рецепты | |
| 686 |
_aЛ996.6я27 _2rubbk |
||
| 686 | _aЛ996.6 | ||
| 700 | 1 |
_aКапрари _bМ. _gМалгожата _4070 |
|
| 801 | 0 |
_aRU _bРКП _c20071214 _grcr |
|
| 801 | 1 |
_aRU _bРГБ _c20071214 |
|
| 801 | 2 |
_aRU _bNLR _c20080204 _grcr |
|
| 942 | _cBOOK | ||
| 980 | _aNB | ||